Geographie Richtig oder Falsch #2 - Statistiken

Allgemein
  • Dieses Quiz wurde 398 mal gespielt
  • Das Durchschnittsergebnis liegt bei 13 aus 16
Antwortstatistiken
Frage Antwort % Korrekt
Paris liegt an der Küste Falsch
98%
Sydney ist die Hauptstadt Australiens Falsch
93%
Von den zwanzig ärmsten Ländern der Welt liegen die meisten in Afrika Richtig
90%
Jedes Land der Welt hat eine rechteckige Flagge Falsch
88%
Die Währung Spaniens ist der Peso Falsch
88%
Hindi ist die am häufigsten gesprochene Sprache in Indien Richtig
88%
Japan hat im Vergleich zu anderen Ländern eine hohe Arbeitslosenquote Falsch
87%
Mehr als 2/3 der Niederländer können eine Unterhaltung in Englisch führen Richtig
87%
Frankreich erhält den größten Teil seines Stroms aus der Kernenergie Richtig
85%
Belgien grenzt genau an zwei andere Länder Falsch
84%
Der Nullmeridian verläuft durch London Richtig
84%
El Paso liegt an der Grenze der USA zu Mexiko Richtig
79%
Die Türkei ist ein Land mit einer überdurchschnittlichen religiösen Vielfalt Falsch
61%
Die Vereinigten Staaten stoßen mehr Kohlenstoffdioxid aus als jedes andere Land Falsch
56%
Der Hauptsitz der Vereinten Nationen befindet sich in New York City Richtig
46%
Florida ist der südliche Staat der USA Falsch
43%
Keine übereinstimmenden Quizze gefunden
Verteilung der Resultate
Anzahl Personen mit jedem Resultat
Perzentil nach korrekt beantworteten Fragen
Ihre Resultats-Entwicklung
Sie haben dieses Quiz noch nicht gespielt